Quizzes
Events
Quiz Creation
Community
Videos
Private Events
Remove Ads
Sign In
Join for FREE
Feedback
Dark Mode
Quiz Categories
Sports
Geography
Music
Movies
Television
Just For Fun
Miscellaneous
History
Literature
Language
Science
Gaming
Entertainment
Religion
Holiday
For Kids
Quiz Lab
Recent
Popular Today
Quiz Kudos Today
Editor Picks
Curator Picks
Quizzes by...
Day
Popularity
Type
Ratings
Length
Year
Community
Subscriptions
Recent Discussions
Orange Saloon
Badges
Playlists
Quests
Create
Leaderboards
Showdown
Live 5
Trivia Bingo
Activity
Puzzle Library
Sporcle Events
Private Events
Virtual Trivia
Globe League
Become a Host
Pub Owners
SporcleCon
Opinionation
Our Games
Videos
Blog
Mobile Apps
Partnerships
Remove Ads and Go Orange
Feedback
Movies
Disney
Marvel Cinematic Universe
Movie Resume
Movie Titles
Oscar
Actor
Actress
Director
Pixar
Role
Movie Quotes
Movie Characters
Box Office
Nominee
Best Picture
Star Wars
James Bond
Horror Movies
Movies
Disney
Marvel Cinematic Universe
Movie Resume
Movie Titles
Oscar
Actor
Actress
Director
Pixar
Role
Movie Quotes
Movie Characters
Box Office
Nominee
Best Picture
Star Wars
James Bond
Horror Movies
Random Quiz
Search Sporcle
×
Quiz Lab
Quiz Lab
Movies
Beethoven
Type in answers that appear in a list
Type in answers that appear in a list
Classic
Best Score? Go Orange.
Beethoven Movie Trivia Stats
Can you name the answers to this Beethoven Trivia quiz?
By
tatty16
6m
30 Questions
268 Plays
268 Plays
268 Plays
Comments
Comments
Give Quiz Kudos
Give Quiz Kudos
-
- Ratings
hide this ad
Replay
Link that replays current quiz
Next Quiz
Link to next quiz in quiz playlist
You Got
0%
They Got
Avg Score
53%
Avg Friend Score
Upgrade to see
Score Distribution
Jump to the score distribution portion of the page
Score
0/30
Timer
06:00
0
Plays Today
Question
Answer
% Correct
What year did the film come out?
1992
86.9%
Can you name the family?
Newton
78.7%
Can you name the character Sarah Rose Karr plays?
Emily
76.5%
Can you name the character Charles Grodin plays?
George
76.1%
Can you name the character Nicholle Tom plays?
Ryce
75.4%
Can you name the character Christopher Castile plays?
Ted
72.8%
Can you name the character Bonnie Hunt plays?
Alice
71.3%
Where does Emily fall?
Pool
68.3%
What kind of dog is Beethoven?
St Bernard
66%
How many bullies?
3 lads
63.8%
What is she trying to get?
Ball
63.4%
Name the lad that Ryce likes?
Mark
57.8%
What does the girl share with Beethoven?
Ice Cream
57.5%
What time do they have to get up at on a Saturday?
07:00am
57.5%
What part of the body does Dr Varnick say Beethoven attacks?
Arm
56%
Question
Answer
% Correct
How does Beethoven get Mark to Ryce?
Stick
56%
Finish trailer line: Ivan Reitman who brought you _
_
_
_
_
_
_
_
_
_
_
, Kindergarten Cop and Twins.
Ghostbusters
54.5%
What does Emily drop in the breakfast?
Eggshell
50.7%
Where do we first see Beethoven?
pet shop
48.5%
Can you name villainious veterinarian?
Dr Varnick
47%
How does Beethoven get his name?
Piano
45.5%
How many dogs attack Harvey and Vernon near the end of the film?
4
40.3%
What game are Ted and Ryce playing?
Mario
36.9%
Can you name the 2 bad guys?
Harvey and Vernon
35.8%
Can you name the dog that helps Beethoven through the film?
Sparky
34.7%
What film is on TV?
The Wolfman
33.6%
Can you name the 2 bad people that want to torch George's business?
Brie and Brad
32.1%
What kind of dogs attack them?
Dobermans
28.7%
What is the name of George's business?
Newton Auto Air Fresheners
23.1%
What kind of dog helps Beethoven?
A Terrier
18.7%
Quiz Playlist
Details
Report
Send in Message
Add To Playlist
Classic:
Type in answers that appear in a list
Last Updated: Feb 16, 2017
Quiz Scoreboard
CHALLENGE
Sign Up to Join the Scoreboard
Show All
Scores
Hide
Comments
May contain spoilers
Recently Published
Billboard Blitz: Fleetwood Mac
by CooCooCachoo
Music
15s
Presidents Visiting Landmarks
by Hejman
History
7m
An Introduction to Baseball
by treessimontrees
Sports
5m
More to Explore
Quiz From the Vault
Featured Blog Post
Where Did the Easter Bunny Come From?
hide this ad
You Might Also Like...
Tags
Beethoven
Today's Top Quizzes in Movies
Browse Movies
hide this ad
Today's Top Quizzes in Beethoven
Browse Beethoven
Top Contributed Quizzes in Movies
1
Pick 5 Posters: Directed by Spielberg
2
7-to-1: Pixar Characters
3
Pick 5 Posters: Lowest-Rated Spielberg
4
Pick 5 Posters: Directed by Scorsese
5
Sorting Actors
6
Sorting Actresses
7
Pick 5 Posters: Star & Director
8
Pick 5 Posters: Women Directed 2020s
9
12 Movies about Fictional 1960s Events
10
Multi-Oscar Nominations, One Movie, One Winner
Explore More
Trending Topics
NBA
Disney
Anime
Marvel
Crossword
Kpop
Harry Potter
WWE
Pokémon
The Office
Country
Song
Puzzle
NFL
Soccer
hide this ad
More By:
tatty16
Quiz
Plays
Rating
Category
Featured
Created
Disney Films in order (clickable)
12,162
3.97
Movies
Mar 28, 2012
Disney lyrics (clickable)
10,870
4.38
Movies
Apr 1, 2012
Cartoon couples (clickable)
9,554
3.43
Television
Mar 30, 2012
Disney films mixed up (clickable)
9,245
3.68
Just For Fun
Apr 16, 2012
Disney Characters Behind the Letters
6,787
4.50
Just For Fun
Feb 29, 2012
Go to Creator's Profile
Score Distribution
Quiz Creator Spotlight
tatty16
Follow
Send a Message
Quizzes Created
-
Created Quiz Play Count
-
More By This Creator
Popular Quizzes Today
1
Find the US States - No Outlines Minefield
2
Find the Countries of Europe - No Outlines Minefield
3
The Countries of the World
4
Find the US States
5
Popular People in 1961
6
US States
7
Risky Map Clicking: Biggest States A-Z
8
Movies - When Are They Set?
More Movies Quizzes
Movies That Almost Were
Editor's Pick
Trending Quizzes
Risky Map Clicking: Least Populous States A-Z
1-10 Letter G Words
1-10 Letter F Words
Risky Map Clicking: Next State Alphabetically
'A' Boys' Names Grid
Recently Updated
Leaping Animals
pecheneg
Reality TV Shows (A-Z)
bhenderson79
Rickey Henderson's Hall of Fame Teammates
pecheneg
Champions League XIs: Arsenal
pecheneg
Quick Pick: Celebrities in WWE's Hall of Fame
aduchscher
A-Z Keypad Blitz II
pecheneg
Multiple Oscar Actors
pecheneg
Mystery Phrase Blitz: Oscar 'Best Actors'
pecheneg
F. Scott Fitzgerald Novels
LTH
Pick 3 Villains
ddd62291
Trending Topics
Marvel
NBA
Anime
Harry Potter
Disney
Crossword
Kpop
Soccer
NFL
Pokémon
Country
Song
The Office
Puzzle
WWE
Your Account Isn't Verified!
In order to create a playlist on Sporcle, you need to verify the email address you used during registration. Go to your
Sporcle Settings
to finish the process.
Report this User
Report this user for behavior that violates our
Community Guidelines
.
Details:
Send Report
Go to the Sporcle.com Mobile Site →
Comments